Statistiques concernant Types de voies au Monopoly

Cliquez ici pour prendre le quiz!

Statistiques générales

  • Ce quiz a été pris 242 fois
  • Le résultat moyen est 14 sur 28

Statistiques - réponses

Rue% Correct
Gare
Montparnasse
87%
Rue de
Vaugirard
81%
Gare de
Lyon
79%
Rue
Lecourbe
78%
Avenue de la
République
74%
Rue de
Courcelles
73%
Rue de
Paradis
69%
Boulevard de la
Villette
68%
Gare du
Nord
62%
Avenue de
Neuilly
61%
Avenue
Mozart
56%
Boulevard de
Belleville
56%
Place
Pigalle
55%
Avenue
Matignon
52%
BoulevardSaint-Michel
46%
Boulevard
Malesherbes
44%
Avenue
Henri-Martin
42%
Compagnie de
Distribution d'électricité
36%
Rue de la
Paix
33%
Avenue des
Champs-Elysées
32%
GareSaint-Lazare
31%
Place de laBourse
27%
Rue
La Fayette
25%
Avenue
Foch
24%
Avenue deBreteuil
23%
Faubourg
Saint-Honoré
23%
Compagnie de
Distribution des eaux
20%
Boulevard des
Capucines
14%

Distribution des résultats

Percentile par nombre de réponses

% des personnes avec chaque résultat

Votre développement - résultats

Vous n’avez pas pris ce quiz